| 000 | 01522cam a22003857a 4500 | ||
|---|---|---|---|
| 003 | CHAP | ||
| 005 | 20220329141900.0 | ||
| 008 | 980403d1991 mx r 00110 spa d | ||
| 010 | _a75226 | ||
| 011 | _a76198 | ||
| 020 | _a9706200088 | ||
| 035 | _a85777 | ||
| 040 | _cCHAP | ||
| 082 | 0 | 4 |
_a332.1 _bG65 |
| 100 | 0 | 0 |
_aGonzález Martínez, Ismael. _949150 |
| 245 | 1 | 0 |
_aReprivaticación bancaria : _bel regreso a un régimen laboral de privilegios patronales? _c/por Ismael González Martínez |
| 260 | 0 |
_aMéxico, D. F. : _bUniversidad Autónoma Metropolitana. Unidad Azcapotzalco. División de Ciencias Sociales y Humanidades, _c1991. |
|
| 300 | _a128 p. | ||
| 410 |
_aUAM. Unidad Azcapotzalco. _bDivisión de Ciencias Sociales y Humanidades |
||
| 490 | 0 | _aSerie derecho | |
| 590 |
_aBATCH-UPD _b10 _c20130110 _lUCH01 _h0530 |
||
| 590 |
_aBATCH-UPD _b10 _c20130410 _lUCH01 _h0210 |
||
| 590 |
_aBATCH-UPD _b10 _c20130914 _lUCH01 _h0533 |
||
| 590 |
_aCONVERSION _b10 _c20130109 _lUCH01 _h1341 |
||
| 650 | 1 | 4 |
_aBancos y operaciones bancarias _zMéxico. _99926 |
| 650 | 1 | 4 |
_aDerecho laboral. _931890 |
| 650 | 1 | 4 |
_aSindicatos _zMéxico. _9106574 |
| 810 |
_aUAM. Unidad Azcapotzalco. _bDivisión de Ciencias Sociales y Humanidades _9115979 |
||
| 830 | 0 | 0 |
_aSerie derecho _9104792 |
| 901 | _aBK | ||
| 905 | _aLilia Sánchez G. | ||
| 942 | _cLIBRO | ||
| 949 |
_a332.1 G65 _bBC _cLIBRO _d33724000591921 _eLIBRO _fc.2 _h92994 _i85777 _kDonaciØn _sb |
||
| 949 |
_a332.1 G65 _bBC _cLIBRO _d33724000591939 _eLIBRO _h92993 _i85777 _kDonaciØn _sb |
||
| 999 |
_c75226 _d75226 |
||